Notas anónimas a la Real Ordenanza de Intendentes del Virreinato de Buenos Aires
I tiakina i:
| Kaituhi matua: | |
|---|---|
| Hōputu: | Pukapuka |
| Reo: | Pāniora |
| I whakaputaina: |
Buenos Aires
Imprenta de la Universidad
1969
|
| Ngā marau: | |
| Ngā Tūtohu: |
Tāpirihia he Tūtohu
Kāore He Tūtohu, Me noho koe te mea tuatahi ki te tūtohu i tēnei pūkete!
|
MARC
| LEADER | 00000nam a2200000 a 4500 | ||
|---|---|---|---|
| 001 | UCS9201 | ||
| 003 | CL-VaPUC | ||
| 008 | 971113e19690000AG |||||||||||||||||spa|d | ||
| 082 | 0 | 4 | |a 340.0982 |b MAR |2 21 |
| 100 | |a Mariluz Urquijo, José María |e autor |9 441396 | ||
| 245 | 1 | 0 | |a Notas anónimas a la Real Ordenanza de Intendentes del Virreinato de Buenos Aires |
| 300 | |a 54 p | ||
| 942 | |c BK | ||
| 945 | |d 19971113 00:00:00 |a cmena | ||
| 260 | |a Buenos Aires |b Imprenta de la Universidad |c 1969 | ||
| 500 | |a Apartado de la Revista del Instituto de Historia del Derecho, Nº20, 1969 | ||
| 650 | 0 | |a Derecho Indiano |9 256266 | |
| 650 | 0 | |a Derechos y priviliegios |9 338404 | |
| 650 | 0 | |a Obligaciones |9 255578 | |
| 650 | 7 | |a ORDENANZAS DE INDIAS |2 CL-VaPUC |9 394260 | |
| 650 | 7 | |a DECRETOS |2 CL-VaPUC |9 309678 | |
| 650 | 0 | |a Derecho y política |9 257017 | |
| 650 | 0 | |a Poder político |9 255509 | |
| 651 | 7 | |a BUENOS AIRES |2 CL-VaPUC |9 255286 | |
| 651 | 0 | |a Argentina |9 254888 | |
| 583 | |a last modification |c 19971113 00:00:00 |k Rodrigo Vera | ||
| 999 | |c 263195 |d 263193 | ||
| 952 | |0 0 |1 0 |4 0 |6 340_098200000000000_MAR_1969 |7 0 |8 DER_HDC |9 292344 |a BIBDER |b BIBDER |d 2019-11-19 |i 1900641 |o 340.0982 MAR 1969 |p 1900641 |r 2023-01-25 |w 2019-11-19 |x Ubicación 4to Piso |y BK |z Estos recursos deben solicitarse con anticipación |k DER | ||